000 00284nam a22001217a 4500
008 170301b xxu||||| |||| 00| 0 srb d
041 _asrb
080 _a61
100 _a4
101 _aSHM
245 _aCELIJACNI ARTERIJSKI SISTEM INJEGOV KLINICKI ZNACAJ
_cVELA, A
942 _2udc
_cBK
999 _c6460
_d6460